Testez vos connaissances : Signification des abréviations courantes #1 - Statistiques

Statistiques générales
  • Ce quiz a été pris 116 fois
  • Le résultat moyen est 5 sur 15
Statistiques - réponses
Abréviations Réponses % Correct
TGV Train à Grande Vitesse
86%
ONU Organisation des Nations Unies
82%
EDF Électricité de France
59%
PME Petite et Moyenne Entreprise
48%
R&D Recherche et Développement
44%
HLM Habitation à Loyer Modéré
40%
SNCF Société Nationale des Chemins de fer Français
32%
OTAN Organisation du Traité de l’Atlantique Nord
30%
DAB Distributeur Automatique de Billets
27%
BTP Bâtiment et Travaux Publics
21%
CNRS Centre National de la Recherche Scientifique
21%
RATP Régie Autonome des Transports Parisiens
15%
CFA Centre de Formation des Apprentis
8%
CET Compte Épargne Temps
8%
INSEE Institut National de la Statistique et des Études Économiques
8%
Aucun quiz correspondant
Distribution des résultats
% des personnes avec chaque résultat
Percentile par nombre de réponses
Votre historique - résultats
Vous n’avez pas pris ce quiz